书目信息 |
| 题名: |
100个最脑洞的哲学故事
|
|
| 作者: | 卡扎迪 , 瓦其 著 ;陶慧慧 译 | |
| 分册: | ||
| 出版信息: | 广州 广东人民出版社 2019.08 |
|
| 页数: | 330页 | |
| 开本: | 21cm | |
| 丛书名: | 人文智慧译丛 | |
| 单 册: | ||
| 中图分类: | B-49 | |
| 科图分类: | ||
| 主题词: | 哲学--通俗读物 | |
| 电子资源: | ||
| ISBN: | 978-7-218-13739-1 | |
| 000 | 01283oam2 2200313 450 | |
| 001 | 0120192837838 | |
| 005 | 20201027101949.27 | |
| 010 | @a978-7-218-13739-1@dCNY59.80 | |
| 100 | @a20190826d2019 em y0chiy50 ea | |
| 101 | 1 | @achi@cita |
| 102 | @aCN@b440000 | |
| 105 | @ay z 000yy | |
| 106 | @ar | |
| 200 | 1 | @a100个最脑洞的哲学故事@9100 ge zui nao dong de zhe xue gu shi@b专著@f(意)罗伯特·卡扎迪,(意)阿吉尔·瓦其著@g陶慧慧译 |
| 210 | @a广州@c广东人民出版社@d2019.08 | |
| 215 | @a330页@d21cm | |
| 225 | 2 | @a人文智慧译丛 |
| 312 | @a封面意大利文题名:Semplicemente diaboliche 100 storie filosofiche | |
| 330 | @a在这本书中,他、她、一个桀骜不驯却爱管闲事的人和其他很多人物,永远带着调查、审视和批判的眼神去看待那些看似简单实则复杂的事物。跟随着他们的对话,我们将发现哲学的美妙之处就在这里:去和每个简单的事物斡旋,就算有时在生活中要突破这些简单之处困难重重,哲学也会在所不惜。 | |
| 333 | @a哲学爱好者 | |
| 461 | 0 | @12001 @a人文智慧译丛 |
| 510 | 1 | @aSemplicemente diaboliche 100 storie filosofiche@zita |
| 606 | 0 | @a哲学@j通俗读物 |
| 690 | @aB-49@v5 | |
| 701 | 1 | @c(意)@a卡扎迪@9ka zha di@b罗伯特@4著 |
| 701 | 1 | @c(意)@a瓦其@9wa qi@b阿吉尔@4著 |
| 702 | 0 | @a陶慧慧@9tao hui hui@4译 |
| 801 | 0 | @aCN@b人天书店@c20190826 |
| 905 | @b1297385-88@dB-49@e105@f4 | |
| 100个最脑洞的哲学故事/(意)罗伯特·卡扎迪,(意)阿吉尔·瓦其著/陶慧慧译.-广州:广东人民出版社,2019.08 |
| 330页;21cm.-(人文智慧译丛) |
| 使用对象:哲学爱好者 |
| ISBN 978-7-218-13739-1:CNY59.80 |
| 在这本书中,他、她、一个桀骜不驯却爱管闲事的人和其他很多人物,永远带着调查、审视和批判的眼神去看待那些看似简单实则复杂的事物。跟随着他们的对话,我们将发现哲学的美妙之处就在这里:去和每个简单的事物斡旋,就算有时在生活中要突破这些简单之处困难重重,哲学也会在所不惜。 |
| ● |
| 相关链接 |
|
|
|
|
正题名:100个最脑洞的哲学故事
索取号:B-49/105
 
预约/预借
| 序号 | 登录号 | 条形码 | 馆藏地/架位号 | 状态 | 备注 |
| 1 | 1297385 | 212973852 | 第一样本阅览室/ [索取号:B-49/105] | 在馆 | |
| 2 | 1297386 | 212973861 | 第一借阅区/ [索取号:B-49/105] | 在馆 | |
| 3 | 1297387 | 212973870 | 第一借阅区/ [索取号:B-49/105] | 在馆 | |
| 4 | 1297388 | 212973889 | 第一借阅区/ [索取号:B-49/105] | 在馆 |